000 00523nam a22001937a 4500
003 KOHA_MİRAKIL
005 20251224144118.0
008 251224b tu ||||| |||| 00| 0 tur d
020 _a978.625.6110.00.7
040 _aTR-AnABB
_btur
_cTR-AnABB
041 _atur
082 _a613.2
_bALT 2024
100 1 _aŞahin, Kazım,
245 1 0 _aAlternatif gıda kaynakları /
_cKazim Şahin
260 _aAnkara :
_bTÜBA,
_c2024
300 _a250 sayfa ;
_c29 cm
650 0 4 _aAlternatif gıda
942 _2ddc
_cBK
999 _c9931
_d9931
900 _bGizem YORULMAZ